书目信息 |
| 题名: |
水
|
|
| 作者: | 沈振善 编 | |
| 分册: | ||
| 出版信息: | 上海 上海教育出版社 1980 |
|
| 页数: | 68页 | |
| 开本: | 19cm | |
| 丛书名: | 自然常识教学参考丛书 | |
| 单 册: | ||
| 中图分类: | G623.6 | |
| 科图分类: | ||
| 主题词: | 常识课--小学--教学参考资料 | |
| 电子资源: | ||
| ISBN: | ||
| 000 | 00659nam2 2200253 45 | |
| 001 | 0180001424 | |
| 005 | 20060810083429.34 | |
| 010 | @dCNY0.19 | |
| 091 | @aCN@b7150.2238 | |
| 100 | @a19950808d1980 em y0chiy0121 ea | |
| 101 | 0 | @achi |
| 102 | @aCN@b310000 | |
| 105 | @ay z 000yy | |
| 200 | 10 | @a水@Ashui@f沈振善等编 |
| 210 | @a上海@c上海教育出版社@d1980 | |
| 215 | @a68页@d19cm | |
| 225 | 2 | @a自然常识教学参考丛书 |
| 410 | 0 | @120010@a自然常识教学参考丛书 |
| 606 | @a常识课@x小学@x教学参考资料 | |
| 690 | @aG623.6@v3 | |
| 701 | 0 | @a沈振善@Ashen zhen shan@4编 |
| 801 | 2 | @aCN@bNLC@c20060810 |
| 801 | 0 | @aCN@bTSSF |
| 905 | @a10447@dG623.6@e183:1 | |
| 水/沈振善等编.-上海:上海教育出版社,1980 |
| 68页;19cm.-(自然常识教学参考丛书) |
| ISBN :CNY0.19 |
| ● |
| 相关链接 |
|
|
|
|
正题名:水
索取号:G623.6/183:1
 
预约/预借
| 序号 | 登录号 | 条形码 | 馆藏地/架位号 | 状态 | 备注 |
| 1 | 0448224 | 204482247 | 密集书库/ [索取号:G623.6/183:1] | 在馆 | |
| 2 | 0448225 | 204482256 | 密集书库/ [索取号:G623.6/183:1] | 在馆 |